Методическое пособие по курсу начертательной геометрии. Ч. 1: Точка, прямая, плоскость (Запись № 8483181)

Подробности
000 -МАРКЕР
контрольное поле 01579nam2a22002411 4500
001 - ИДЕНТИФИКАТОР ЗАПИСИ
контрольное поле rc\4410305
005 - ИДЕНТИФИКАТОР ВЕРСИИ
контрольное поле 20250612074257.0
021 ## - НОМЕР ГОСУДАРСТВЕННОЙ РЕГИСТРАЦИИ
Код страны Российская Федерация
Номер [67-15298]
035 ## - ДРУГИЕ СИСТЕМНЫЕ НОМЕРА
Идентификатор записи (NLR Aleph) 008563932
100 ## - ДАННЫЕ ОБЩЕЙ ОБРАБОТКИ
Данные общей обработки 20130416d1966 |||y0rusy50 ca
101 0# - ЯЗЫК РЕСУРСА
Язык текста, звукозаписи и т.д. русский
102 ## - СТРАНА ПУБЛИКАЦИИ ИЛИ ПРОИЗВОДСТВА
Страна публикации Российская Федерация
105 ## - ПОЛЕ КОДИРОВАННЫХ ДАННЫХ: ТЕКСТОВЫЕ МАТЕРИАЛЫ, МОНОГРАФИЧЕСКИЕ
Кодированные данные о монографическом текстовом документе a z |||||
200 1# - ЗАГЛАВИЕ И СВЕДЕНИЯ ОБ ОТВЕТСТВЕННОСТИ
Основное заглавие Точка, прямая, плоскость
210 ## - ПУБЛИКАЦИЯ, РАСПРОСТРАНЕНИЕ И ДР.
Дата издания, распространения и т.д. 1966
Место издания, распространения и т.д. Б. м.
215 ## - ФИЗИЧЕСКАЯ ХАРАКТЕРИСТИКА
Специфическое обозначение материала и объем 87 с.
Другие сведения о физической характеристике черт.
461 #0 - УРОВЕНЬ НАБОРА
Встроенное поле 001rc\4410304
-- 2001#$aМетодическое пособие по курсу начертательной геометрии$eДля студентов инж.-экон. фак.$eЧ. 1-$fМ-во высш. и сред. спец. образования РСФСР. Моск. полигр. ин-т. [Инж.-экон. фак.]. Кафедра машиностроит. черчения и начертательной геометрии$vЧ. 1
-- 700#1$aДойников$bН.М.$gНиколай Михайлович
Системный номер (АБИС) связанной записи 8483177
Автор Дойников, Н.М.
Место публикации Москва
Дата публикации 1966
Первые сведения об ответственности М-во высш. и сред. спец. образования РСФСР. Моск. полигр. ин-т. [Инж.-экон. фак.]. Кафедра машиностроит. черчения и начертательной геометрии
Имя издателя, распространителя и т.д. Б. и.
Сведения, относящиеся к заглавию Для студентов инж.-экон. фак. : Ч. 1-
Заглавие Методическое пособие по курсу начертательной геометрии
Номер тома Ч. 1
801 #0 - ИСТОЧНИК ЗАПИСИ
Страна Российская Федерация
Организация NLR
Правила каталогизации psbo
801 #1 - ИСТОЧНИК ЗАПИСИ
Страна Российская Федерация
Организация ELAR
Источник данных rusmarc
852 ## - МЕСТОНАХОЖДЕНИЕ И ШИФР ХРАНЕНИЯ
Идентификатор организации NLR
Шифр хранения (Call Number) 67-6/3185
942 ## - ДОПОЛНИТЕЛЬНЫЕ ЭЛЕМЕНТЫ ЗАПИСИ (АБИС)
Тип экземпляра АБИС Книга
980 ## - КОЛЛЕКЦИЯ
Название коллекции Национальная библиография
Экземпляры
Тип экземпляра Дата поступления Библиотека постоянного хранения Библиотека текущего хранения Место хранения Шифр хранения Штрих-код Статус экземпляра
Книга 26.10.2013 РНБ (Московский) РНБ (Московский) Русский книжный фонд: издания с 1957 года 67-6/3185 8563932-10